| 000 | 00658nas a2200229 4500 | ||
|---|---|---|---|
| 001 | BR0002920 | ||
| 003 | BR-BrBNA | ||
| 005 | 20231205101906.0 | ||
| 007 | ta | ||
| 008 | 230509b bl.|||p| |||| 00| 00por d | ||
| 040 |
_aBR-BrBNA _bpor _cBiblioteca Nacional de Agricultura |
||
| 041 | _a(Pt) | ||
| 072 | _aL70 | ||
| 100 | 1 | _aMai, W. | |
| 100 | 1 | _aCheuiche, A.J. de V. | |
| 245 | 1 | _aA imagem ecografica: formacao e qualidade | |
| 650 | _aRadiografia | ||
| 650 | _aVeterinaria | ||
| 773 | 0 |
_tHora Veterinaria (Brazil) _xISSN 0101-9163 _g(Mar-Apr 2000), v. 19(114) p. 51-56 _wBR0002920 |
|
| 909 |
_a202311 _bLúcia _c55 _dLúcia Elande |
||
| 942 |
_2AGRIS _n0 _cANA |
||
| 999 |
_c164557 _d164557 |
||